[Event "Aegean op 39th"]
[Site "Aghios Kirykos"]
[Date "2016.07.15"]
[Round "7"]
[White "Kesoglou, Konstantinos"]
[Black "Morote, Patrick"]
[Result "1-0"]
[WhiteElo "2022"]
[BlackElo "1708"]
[PlyCount "39"]
[EventDate "2016.07.11"]
[EventType "swiss"]
[EventRounds "9"]
[EventCountry "GRE"]
[SourceTitle "EXT 2017"]
[Source "ChessBase"]
[SourceDate "2016.10.25"]
[SourceVersion "1"]
[SourceVersionDate "2016.10.25"]
[SourceQuality "1"]

1. d4 d5 2. Nf3 e6 3. g3 c5 4. Bg2 Nf6 5. 0-0 Nc6 6. b3 cxd4 7. Nxd4 e5 8. Nxc6 bxc6 9. Bb2 Qc7 10. Nd2 Bd6 11. e4 0-0 12. exd5 cxd5 13. c4 Bb7 14. cxd5 Rad8 15. Rc1 Qe7 16. Nc4 Bc5 17. d6 Bxd6 18. Bxb7 Bb8 19. Qf3 e4 20. Bxf6 1-0

[Event "Brasschaat op 03rd"]
[Site "Brasschaat"]
[Date "2003.08.29"]
[Round "7"]
[White "Kooyman, Marcel"]
[Black "Morote, Patrick"]
[Result "1-0"]
[WhiteElo "1817"]
[BlackElo "1624"]
[PlyCount "35"]
[EventDate "2003.08.24"]
[EventType "swiss"]
[EventRounds "9"]
[EventCountry "BEL"]
[SourceTitle "EXT 2017"]
[Source "ChessBase"]
[SourceDate "2016.10.25"]
[SourceVersion "1"]
[SourceVersionDate "2016.10.25"]
[SourceQuality "1"]

1. e4 e5 2. Nf3 d6 3. d4 Nd7 4. Bc4 Be7 5. 0-0 Ngf6 6. Nc3 c6 7. Qe2 Qc7 8. Bxf7+ Kxf7 9. Ng5+ Kg6 10. f4 exf4 11. e5 dxe5 12. Qd3+ Kxg5 13. dxe5 Bc5+ 14. Kh1 Be3 15. Bxe3 fxe3 16. Rf5+ Kg4 17. h3+ Kh4 18. Qc4+ 1-0

[Event "Geraardsbergen op"]
[Site "Geraardsbergen"]
[Date "2003.08.16"]
[Round "5"]
[White "Molitor, Lisa"]
[Black "Morote, Patrick"]
[Result "0-1"]
[WhiteElo "1373"]
[BlackElo "1624"]
[PlyCount "79"]
[EventDate "2003.08.??"]
[EventType "swiss"]
[EventRounds "7"]
[EventCountry "BEL"]
[SourceTitle "EXT 2005"]
[Source "ChessBase"]
[SourceDate "2004.11.15"]
[SourceVersion "1"]
[SourceVersionDate "2004.11.15"]
[SourceQuality "1"]

1. d4 Nf6 2. c4 c5 3. e3 cxd4 4. exd4 g6 5. Nf3 Bg7 6. Nc3 0-0 7. Be2 d5 8. c5 b6 9. Be3 Nc6 10. Bb5 Bb7 11. Bxc6 Bxc6 12. Ne5 Rc8 13. Nxc6 Rxc6 14. Qa4 Qd7 15. 0-0 Ng4 16. h3 Nxe3 17. fxe3 bxc5 18. dxc5 Bxc3 19. bxc3 Qc7 20. Qd4 Rxc5 21. Rfc1 Rc8 22. Rab1 e6 23. Rb3 Rc4 24. Qd3 a5 25. Rbb1 Rxc3 26. Rxc3 Qxc3 27. Qe2 Qc2 28. Rb2 Qxe2 29. Rxe2 Rc3 30. Kf2 Kg7 31. g4 d4 32. exd4 Rxh3 33. Rd2 Rh2+ 34. Ke3 Rxd2 35. Kxd2 Kf6 36. Ke3 Kg5 37. Kf3 f5 38. gxf5 Kxf5 39. a4 h5 40. Kg3 0-1

[Event "Geraardsbergen op"]
[Site "Geraardsbergen"]
[Date "2003.08.15"]
[Round "1"]
[White "Morote, Patrick"]
[Black "Achtergaele, Koen"]
[Result "0-1"]
[WhiteElo "1624"]
[BlackElo "2078"]
[PlyCount "62"]
[EventDate "2003.08.??"]
[EventType "swiss"]
[EventRounds "7"]
[EventCountry "BEL"]
[SourceTitle "EXT 2005"]
[Source "ChessBase"]
[SourceDate "2004.11.15"]
[SourceVersion "1"]
[SourceVersionDate "2004.11.15"]
[SourceQuality "1"]

1. d4 e6 2. Nf3 d5 3. Bf4 Nf6 4. e3 c5 5. c3 Nc6 6. Nbd2 Bd6 7. Bg3 0-0 8. Ne5 Bxe5 9. dxe5 Nd7 10. f4 f6 11. exf6 Nxf6 12. Bd3 c4 13. Bc2 Qb6 14. 0-0 Qxb2 15. e4 Qxc3 16. Rf3 Qb4 17. exd5 Nd4 18. Re3 Nxc2 19. Qxc2 exd5 20. Re5 Bd7 21. Rb1 Qc5+ 22. Bf2 Qc6 23. Rg5 b6 24. Bd4 Rae8 25. Nf3 Re4 26. Be5 h6 27. Rg6 Bf5 28. Rxg7+ Kxg7 29. Qf2 Qc5 30. Nd4 Kh7 31. Rb5 Rxd4 0-1

[Event "Geraardsbergen op"]
[Site "Geraardsbergen"]
[Date "2003.08.15"]
[Round "3"]
[White "Six, Stefaan"]
[Black "Morote, Patrick"]
[Result "1/2-1/2"]
[WhiteElo "1888"]
[BlackElo "1624"]
[PlyCount "88"]
[EventDate "2003.08.??"]
[EventType "swiss"]
[EventRounds "7"]
[EventCountry "BEL"]
[SourceTitle "EXT 2005"]
[Source "ChessBase"]
[SourceDate "2004.11.15"]
[SourceVersion "1"]
[SourceVersionDate "2004.11.15"]
[SourceQuality "1"]

1. f4 Nf6 2. Nf3 d5 3. e3 Bg4 4. b3 Nbd7 5. Bb2 e6 6. Be2 Be7 7. 0-0 c6 8. h3 Bh5 9. d3 Qb6 10. Qd2 0-0-0 11. Bc3 Qc7 12. a4 Bc5 13. a5 Qxf4 14. d4 Ne4 15. exf4 Nxd2 16. Nbxd2 Bd6 17. g4 Bg6 18. Ne1 f5 19. Bb2 Rde8 20. Ba3 Bc7 21. b4 fxg4 22. hxg4 Rhf8 23. b5 Rf7 24. bxc6 bxc6 25. Nb3 Rxf4 26. Rxf4 Bxf4 27. Ba6+ Kc7 28. Kf2 e5 29. dxe5 Rxe5 30. Bb2 Re7 31. Bd4 h5 32. gxh5 Bxh5 33. Bxa7 Rf7 34. Ra4 c5 35. Kg2 Be3 36. Rh4 Bg6 37. Nd3 Be4+ 38. Rxe4 dxe4 39. Ndxc5 Nxc5 40. Bxc5 Rf2+ 41. Kg3 Rf3+ 42. Kg2 Rf2+ 43. Kh1 Bxc5 44. Nxc5 Rxc2 1/2-1/2

[Event "Brasschaat op 03rd"]
[Site "Brasschaat"]
[Date "2003.08.??"]
[Round "6"]
[White "Morote, Patrick"]
[Black "Kocur, Marc"]
[Result "0-1"]
[WhiteElo "1624"]
[BlackElo "1926"]
[PlyCount "98"]
[EventDate "2003.08.24"]
[EventType "swiss"]
[EventRounds "9"]
[EventCountry "BEL"]
[SourceTitle "EXT 2017"]
[Source "ChessBase"]
[SourceDate "2016.10.25"]
[SourceVersion "1"]
[SourceVersionDate "2016.10.25"]
[SourceQuality "1"]

1. d4 e5 2. dxe5 Nc6 3. Nf3 Nge7 4. Bf4 Ng6 5. Bg5 Be7 6. Bxe7 Qxe7 7. Nc3 Ncxe5 8. e3 c6 9. Be2 f6 10. 0-0 0-0 11. Qd2 Nxf3+ 12. Bxf3 Ne5 13. Be2 d5 14. Rae1 Bf5 15. f4 Ng4 16. Bd3 Bxd3 17. Qxd3 f5 18. Rf3 Qh4 19. Kf1 Nxh2+ 20. Ke2 Nxf3 21. gxf3 Rfe8 22. Nd1 Qh2+ 23. Nf2 d4 24. Qxd4 Rad8 25. Qb4 a5 26. Qc4+ Kh8 27. Rh1 Qg3 28. Nh3 Rd2+ 29. Kxd2 Qg2+ 30. Kc3 Rxe3+ 31. Kd4 Qd2+ 32. Kc5 Re6 33. Ng5 Qd6+ 34. Kb6 c5+ 35. Kxa5 Qc7+ 36. Ka4 b5+ 37. Qxb5 Qa7+ 38. Kb3 Rb6 39. c4 Rxb5+ 40. cxb5 h6 41. a4 Kg8 42. Ne6 Qd7 43. Re1 Qd5+ 44. Ka3 Qc4 45. Re5 Qb4+ 46. Ka2 Qxa4+ 47. Kb1 c4 48. Rxf5 c3 49. b6 Qb3 0-1

[Event "Ghent C&D op"]
[Site "Ghent"]
[Date "2003.04.19"]
[Round "3"]
[White "Morote, Patrick"]
[Black "Willockx, Ritsaart"]
[Result "1-0"]
[WhiteElo "1668"]
[BlackElo "1800"]
[PlyCount "57"]
[EventDate "2003.04.19"]
[EventType "swiss"]
[EventRounds "7"]
[EventCountry "BEL"]
[SourceTitle "EXT 2005"]
[Source "ChessBase"]
[SourceDate "2004.11.15"]
[SourceVersion "1"]
[SourceVersionDate "2004.11.15"]
[SourceQuality "1"]

1. d4 Nf6 2. Nf3 e6 3. Bf4 d5 4. e3 Bd6 5. Bg3 0-0 6. Bd3 c5 7. c3 Nc6 8. Nbd2 Qe7 9. Ne5 Nd7 10. f4 Bxe5 11. fxe5 Qg5 12. Qe2 cxd4 13. exd4 f6 14. 0-0 f5 15. Bf4 Qh4 16. Qe3 h6 17. Rf3 g5 18. Bg3 Qh5 19. Qf2 f4 20. Rf1 Qe8 21. Bxf4 Rxf4 22. Rxf4 gxf4 23. Qxf4 Qe7 24. Qxh6 Nf8 25. Rf3 Nh7 26. Bxh7+ Kh8 27. Bd3+ Kg8 28. Rf8+ Qxf8 29. Qh7# 1-0